00488nam a2200181 a 450000100060000000300090000600800410001502000150005604000280007108200170009910000130011624500560012926000540018530000110023965000230025065000120027365000210028517232CO-ViMGA141112s2004 ck r 000 u spa d a8476729251 aCO-ViMGAbspacCO-ViMGA04a291.211 L16m1 aTse, Lao10aMaestros Orientales , Tao Te King - El libro del Te aBarcelona (España), cEdicomunicación, c1999 a221.p.14aJAPON - COSTUMBRES14aTAOISMO14aTE - CURIOSIDDES